De los tribalismos a la política: las hinchadas argentinas entre crisis, el mundial y el destino de la Patria /
Guardat en:
| Autor principal: | |
|---|---|
| Format: | Text |
| Matèries: | |
| Etiquetes: |
Afegir etiqueta
Sense etiquetes, Sigues el primer a etiquetar aquest registre!
|
MARC
| LEADER | 00000 a a2200000 04500 | ||
|---|---|---|---|
| 001 | 13197 | ||
| 003 | |||
| 040 | |||
| 100 | |a Alabarces, Pablo | ||
| 245 | |a De los tribalismos a la política: |b las hinchadas argentinas entre crisis, el mundial y el destino de la Patria / |c Pablo Alabarces | ||
| 650 | |a FUTBOL | ||
| 650 | |a NACIONALISMO | ||
| 650 | |a VIOLENCIA | ||
| 650 | |a ARGENTINA | ||
| 773 | |g número 14 Primavera; páginas 114-127 | ||
| 999 | |c 28761 |d 28761 | ||
